TLCAN: Los vehículos usados y el ambiente

La lierazación del comercio de automóviles usados ha tenido efectos ambientales negativos en México, por la exportación de mas de 2.5 millones de estos vehículos desde Estados Unidos. Con ello se ha incrementado la emisión total de gases de efecto invernandero, debido a que el comercio porolonga la...

Descripció completa

Guardat en:
Dades bibliogràfiques
Format: Text
Etiquetes: Afegir etiqueta
Sense etiquetes, Sigues el primer a etiquetar aquest registre!

MARC

LEADER 00000 a a2200000 04500
001 40648
003
040
245 |a TLCAN:   |b Los vehículos usados y el ambiente  
520 |a La lierazación del comercio de automóviles usados ha tenido efectos ambientales negativos en México, por la exportación de mas de 2.5 millones de estos vehículos desde Estados Unidos. Con ello se ha incrementado la emisión total de gases de efecto invernandero, debido a que el comercio porolonga la vida de automóviles que, de otra manera, se hubieran retirado de la circulación.  
773 |g volumen59, número6 ( Junio, 2009)  
999 |c 30803  |d 30803